The economics of imperfect competition : a spatial approach /

Bibliographic Details
Main Author: Greenhut, Melvin L.
Other Authors: Norman, George, 1946-, Hung, Chao-shun, 1942-
Format: Book
Language:English
Published: Cambridge [Cambridgeshire] ; New York : Cambridge University Press, 1987.
Subjects:

MARC

Tag First Indicator Second Indicator Subfields
LEADER 00000cam a2200000 a 4500
001 in00000012232
005 20151007051802.0
008 860424s1987 enka b 00110 eng
010 |a  86011707  
020 |a 0521305527 
020 |a 0521315646 (pbk.) 
035 |a (OCoLC)13559634 
035 |9 AAA4788AM 
040 |a DLC  |c DLC  |d m/c  |d TXA  |d UtOrBLW 
049 |a TXAM  |c 1 [A12622776], 2 [A09860828] 
050 0 0 |a HB238  |b .G74 1987 
082 0 |a 338.6/048  |2 19 
100 1 |a Greenhut, Melvin L. 
245 1 4 |a The economics of imperfect competition :  |b a spatial approach /  |c Melvin L. Greenhut, George Norman, Chao-shun Hung. 
264 1 |a Cambridge [Cambridgeshire] ;  |a New York :  |b Cambridge University Press,  |c 1987. 
300 |a xix, 408 pages :  |b illustrations ;  |c 24 cm. 
336 |a text  |b txt  |2 rdacontent 
337 |a unmediated  |b n  |2 rdamedia 
338 |a volume  |b nc  |2 rdacarrier 
504 |a Bibliography: pages 389-399. 
500 |a Includes indexes. 
650 0 |a Competition, Imperfect. 
650 0 |a Space in economics. 
650 0 |a Pricing. 
700 1 |a Norman, George,  |d 1946- 
700 1 |a Hung, Chao-shun,  |d 1942- 
999 |a MARS 
999 f f |s 7076e0d5-288b-3fc8-978c-aba2830217f8  |i 992c650c-338b-3bf5-bc47-07b6bba50027  |t 0 
952 f f |p ric  |a Texas A&M University  |b Rellis Campus  |c Joint Library Facility  |d Remote Storage  |t 0  |e HB238 .G74 1987  |h Library of Congress classification  |i unmediated -- volume  |m A14812622776 
952 f f |p normal  |a Texas A&M University  |b College Station  |c Sterling C. Evans Library  |d Evans: Library Stacks  |t 0  |e HB238 .G74 1987  |h Library of Congress classification  |i unmediated -- volume  |m A14809860828 
998 f f |a HB238 .G74 1987  |t 0  |l Evans: Library Stacks 
998 f f |a HB238 .G74 1987  |t 0  |l Remote Storage